000
00328nam a2200157Ia 4500
003
IT-RoPAU
008
120407s9999 xx 000 0 und d
040
_a
IT-RoPAU
040
_c
IT-RoPAU
245
_a
De Marx au marxisme 1848-1948
245
_c
AA.VV.
260
_a
De Flore
300
_c
cm
490
_v
1
942
_c
BK
999
_c
2340
_d
2340